000 00458nmm a2200169Ia 4500
008 251105s9999||||xx |||||||||||||||||und||
020 _a9788498650228
041 _aglg
100 _aSumai, Anxos
245 0 _aAsí nacen as baleas
264 _a[Madrid, España] :
_bEditorial Galaxia,
_c2007
300 _a161 páginas
490 _aLiteraria
650 _aSpanish narrative
856 _uhttps://public.digitaliapublishing.com/a/84960
942 _cCF
999 _c91973
_d91973